Sports Quiz

Random Sports or World Cup Quiz
Score 0/98 Timer 15:00
7 Plays Today
Club Player % Correct
LiverpoolMohamed Salah
85.7%
ChelseaEden Hazard
84.8%
TottenhamHarry Kane
82.6%
ArsenalMesut Özil
82.1%
LiverpoolSadio Mané
79.9%
Man CityDavid Silva
78%
Man CityBernardo Silva
77.7%
Man CitySergio Agüero
76.8%
Man CityKevin De Bruyne
76.7%
LeicesterAdrien Silva
76.5%
ArsenalGranit Xhaka
74.7%
Man UnitedRomelu Lukaku
74.7%
LeicesterJamie Vardy
74.2%
Man UnitedPaul Pogba
74.2%
TottenhamHeung-Min Son
74.2%
LiverpoolJordan Henderson
73.3%
LiverpoolRoberto Firmino
73.2%
TottenhamDele Alli
73.1%
Man CityRaheem Sterling
72.9%
ChelseaN'Golo Kanté
72.5%
ArsenalDavid Ospina
72.1%
TottenhamChristian Eriksen
71.5%
Man UnitedMarcus Rashford
70.8%
ArsenalMohamed Elneny
70.8%
Man CityJohn Stones
70.7%
ChelseaWillian
70.4%
Man CityKyle Walker
70.3%
Man CityGabriel Jesus
69.6%
ArsenalAlex Iwobi
69.4%
LiverpoolDejan Lovren
68.1%
Man CityFernandinho
67.8%
EvertonJordan Pickford
66.5%
TottenhamJan Vertonghen
66.4%
Club Player % Correct
Man CityVincent Kompany
65.3%
Man UnitedDavid de Gea
64.7%
Man UnitedNemanja Matić
64.6%
ChelseaThibaut Courtois
64.5%
TottenhamHugo Lloris
64.5%
Man UnitedJesse Lingard
64%
ChelseaGary Cahill
63.7%
West HamJavier Hernandez
62.8%
ChelseaVictor Moses
62.5%
Man UnitedPhil Jones
62.1%
TottenhamDavinson Sánchez
61.4%
LeicesterHarry Maguire
61.1%
Man CityNicolás Otamendi
61%
TottenhamKieran Trippier
60.9%
TottenhamEric Dier
60.7%
ArsenalNacho Monreal
60.5%
EvertonGylfi Sigurdsson
60.4%
Man CityEderson
60.1%
TottenhamToby Alderweireld
59.8%
ArsenalDanny Welbeck
59.7%
TottenhamDanny Rose
59%
ChelseaOlivier Giroud
58.7%
Man UnitedMarcos Rojo
58.1%
LiverpoolTrent Alexander-Arnold
58.1%
Man UnitedMarouane Fellaini
57.9%
Man UnitedVictor Lindelöf
57.3%
BurnleyNick Pope
57.3%
ChelseaAndreas Christensen
57.3%
LeicesterShinji Okazaki
56.8%
Man CityBenjamin Mendy
54.9%
Man UnitedAshley Young
54.9%
LiverpoolSimon Mignolet
54.8%
Man Cityİlkay Gündoğan
54.7%
Club Player % Correct
TottenhamMousa Dembélé
54.5%
LeicesterKasper Schmeichel
53.7%
ChelseaAntonio Rüdiger
53.6%
ChelseaWilly Caballero
52%
ChelseaCesar Azpilicueta
50.6%
HuddersfieldAaron Mooy
50.3%
Man CityFabian Delph
47.2%
LeicesterWilfred Ndidi
46.5%
BrightonMat Ryan
45.5%
ChelseaRuben Loftus-Cheek
44.4%
Man CityDanilo
43.7%
NewcastleAleksandar Mitrović
43.2%
SouthamptonMaya Yoshida
42.5%
EvertonIdrissa Gueye
41.3%
ChelseaMichy Batshuayi
40%
SouthamptonDušan Tadić
38.7%
SouthamptonCédric Soares
36.2%
LeicesterAhmed Musa
34.6%
LeicesterKelechi Iheanacho
34.3%
West HamCheikhou Kouyaté
31.9%
BrightonJosé Izquierdo
31.7%
Crystal PalaceLuka Milivojević
30.7%
BurnleyJohann Berg Gudmundsson
28.7%
HuddersfieldMathias Jørgensen
24.3%
CardiffAron Gunnarsson
24.2%
LiverpoolMarko Grujić
24.1%
HuddersfieldJonas Lössl
23.5%
SouthamptonJan Bednarek
19.2%
WolvesRomain Saïss
17%
LeicesterYohan Benalouane
15.2%
BrightonLeon Balogun
11.7%
ChelseaKenneth Omeruo
9.7%
Remove Ads.
Support Sporcle.
Get the best of Sporcle when you Go Orange. This ad-free experience offers more features, more stats, and more fun while also helping to support Sporcle. Thank you for becoming a member.

You're not logged in!

Compare scores with friends on all Sporcle quizzes.
OR
Log In

Show Comments

Extras

Top Quizzes Today


Score Distribution

Your Account Isn't Verified!

In order to create a playlist on Sporcle, you need to verify the email address you used during registration. Go to your Sporcle Settings to finish the process.

Report this User

Report this user for behavior that violates our Community Guidelines.

Details: